000 00778nam a2200229Ia 4500
999 _c53134
_d53134
001 20173
003 GE_BSU
005 20250630154910.0
008 181216s1985||||ru |||||||||||||| ||rus||
040 _cGE_BSU
041 _arus
080 _a581.1(075.8) Г-34
100 _aГенкель, П. А
_925576
245 _aФизиология Растений :
_bУчеб.пособ. по факультативному курсу для 9 класса /
_cП. А. Генкель ; Ред : Е. Н. Хорошева.
250 _a3-е изд.
264 _aМосква :
_bПросвешение,
_c1985.
300 _a175 стр. :
_bил. ;
_c21 см.
541 _h
653 _aботаника
653 _aФзиология Растений
942 _cBK
_2udc